Thermal hydraulics of advanced nuclear reactors : presented at 1994 International Mechanical Engineering Congress and Exposition, Chicago, Illinois, November 6-11, 1994 /

Saved in:
Bibliographic Details
Corporate Authors: American Society of Mechanical Engineers. Heat Transfer Division, International Mechanical Engineering Congress and Exposition
Other Authors: Hassan, Y. A., Singer, R. M.
Format: Conference Proceeding Book
Language:English
Published: New York, N.Y. : American Society of Mechanical Engineers, c1994.
Series:HTD (Series) ; v. 294.
Subjects:
LEADER 01532cam a2200337 a 4500
001 c000226000
003 CARM
005 20061128101013.0
008 940915s1994 nyua b 101 0 eng d
010 |a 94078982 
019 1 |a 11877443  |5 LACONCORD2021 
020 |a 0791814122 
035 |a (OCoLC)31801037  |5 LACONCORD2021 
040 |a TxHU  |b eng  |c TxHU  |d DLC 
042 |a lccopycat 
050 0 |a TK9202  |b .T4635 1994 
245 0 0 |a Thermal hydraulics of advanced nuclear reactors :  |b presented at 1994 International Mechanical Engineering Congress and Exposition, Chicago, Illinois, November 6-11, 1994 /  |c sponsored by the Heat Transfer Division, ASME ; edited by Y.A. Hassan, R.M. Singer. 
260 |a New York, N.Y. :  |b American Society of Mechanical Engineers,  |c c1994. 
300 |a v, 77 p. :  |b ill. ;  |c 28 cm. 
490 1 |a HTD ;  |v vol. 294 
504 |a Includes bibliographical references and index. 
650 0 |a Nuclear reactors  |x Fluid dynamics  |v Congresses. 
650 0 |a Heat  |x Transmission  |v Congresses. 
700 1 |a Hassan, Y. A. 
700 1 |a Singer, R. M. 
710 2 |a American Society of Mechanical Engineers.  |b Heat Transfer Division 
711 2 |a International Mechanical Engineering Congress and Exposition  |d (1994 :  |c Chicago, Ill.) 
830 0 |a HTD (Series) ;  |v v. 294. 
852 8 |b CARM  |h A2:AF26H0  |i F01128  |p 0268179  |f BK 
999 f f |i 509144b8-7b6a-58cd-90db-d48dd2652cb2  |s 484c17c5-25ff-5599-9636-61cebcbbaf76 
952 f f |p Can circulate  |a CAVAL  |b CAVAL  |c CAVAL  |d CARM 1 Store  |e F01128  |f A2:AF26H0  |h Other scheme  |i book  |m 0268179